Useknuté rozdelenia a ich využitie v praxi bakalárska práca

Na minha lista:
Detalhes bibliográficos
Autor principal: Strežo, Marek, 1990-
Autor Corporativo: Fakulta hospodárskej informatiky EU. Katedra matematiky a aktuárstva
Outros Autores: Horáková, Galina
Formato: Livro
Idioma:eslovaco
Publicado em: Bratislava 2015
Tags: Adicionar Tag
Sem tags, seja o primeiro a adicionar uma tag!

MARC

LEADER 00000nbm a2200000 4500
001 0204185
005 20161212115058.8
041 0 |a slo 
044 |a SK 
245 1 0 |a Useknuté rozdelenia a ich využitie v praxi  |b bakalárska práca  |c Marek Strežo ; školiteľ: Galina Horáková 
264 1 |a Bratislava  |c 2015 
300 |a 65 s. 
100 1 |a Strežo, Marek, 1990- 
700 1 |a Horáková, Galina 
710 2 |a Fakulta hospodárskej informatiky EU. Katedra matematiky a aktuárstva